Interrogative Language Quiz Stats

 Plays Quiz Updated Mar 5, 2018

Support Sporcle.
Go Orange.
Score 0/24 Timer 05:00
3 Plays Today
Question Answer Wrong Answers
qué
(Spanish)
What
81%
Who
7.7%
When
1.1%
Where
1.5%
que
(French)
What
79.3%
Who
8.1%
When
2%
Where
1.9%
quando
(Italian)
When
79.1%
Who
3.1%
What
4.6%
Where
4.2%
quando
(Portuguese)
When
78.7%
Who
3%
What
5%
Where
4%
cuándo
(Spanish)
When
77.3%
Who
3.4%
What
4.5%
Where
5.5%
quand
(French)
When
76.6%
Who
3.5%
What
5.8%
Where
4.9%
wann
(German)
When
76.1%
Who
4%
What
7.1%
Where
3.8%
dónde
(Spanish)
Where
75.3%
Who
4%
What
4.2%
When
7.1%
quandō
(Latin)
When
74.6%
Who
4%
What
7.2%
Where
5.1%
was
(German)
What
74.2%
Who
6.6%
When
5%
Where
5%
qui
(French)
Who
68.5%
What
16.5%
When
2.4%
Where
3.5%
o que
(Portuguese)
What
64.8%
Who
12.9%
When
3.8%
Where
9.2%
quis
(Latin)
Who
62.2%
What
18%
When
5.3%
Where
5.2%
onde
(Portuguese)
Where
61.5%
Who
7.1%
What
5.8%
When
16.4%
chi
(Italian)
Who
61.1%
What
17.2%
When
5.8%
Where
6.6%
quae
(Latin)
What
60.9%
Who
16%
When
6.8%
Where
6.8%
quién
(Spanish)
Who
58.2%
What
6.7%
When
20.4%
Where
5.5%
dove
(Italian)
Where
54.9%
Who
14.9%
What
10.4%
When
10.5%

(French)
Where
54.5%
Who
28.3%
What
5.4%
When
2.8%
che cosa
(Italian)
What
54.3%
Who
10.7%
When
7.7%
Where
17.9%
quem
(Portuguese)
Who
45.6%
What
20.1%
When
17.8%
Where
7.1%
ubi
(Latin)
Where
45.2%
Who
25.6%
What
10.3%
When
9.4%
wo
(German)
Where
42.9%
Who
38.5%
What
6.1%
When
3.5%
wer
(German)
Who
32.5%
What
3.6%
When
4.5%
Where
50.6%

From the Vault

4 Books, 1 Thing in Common

by jakethegoldfish

It's possible that all of these books were written by Stephen King.
Remove Ads.
Support Sporcle.
Get the best of Sporcle when you Go Orange. This ad-free experience offers more features, more stats, and more fun while also helping to support Sporcle. Thank you for becoming a member.

Show Comments

Extras

Top Quizzes Today


Score Distribution

Your Account Isn't Verified!

In order to create a playlist on Sporcle, you need to verify the email address you used during registration. Go to your Sporcle Settings to finish the process.

Report this User

Report this user for behavior that violates our Community Guidelines.

Details: